Puesto a punto de una caldera de laboratorio e implementación de un lazo de control automático de temperatura utilizando un intercambiador de calor agua-vapor

Сохранить в:
Библиографические подробности
Главный автор: Soto Quijano, Mauricio, 1976-
Другие авторы: Loría Martínez, Luis Guillermo, 1954- Director de Proyecto Eléctrico
Формат:
Опубликовано: San José, Costa Rica 1998
Предметы:
Метки: Добавить метку
Нет меток, Требуется 1-ая метка записи!

MARC

LEADER 00000nam a2200000Ia 4500
003 008636
005 20240109095546.0
008 140114s1998 cr a m 000 ||s d
040 |c cru CEDI 
090 |a TFG 3953 
100 |a Soto Quijano, Mauricio, 1976-  |9 2109 
245 |a Puesto a punto de una caldera de laboratorio e implementación de un lazo de control automático de temperatura utilizando un intercambiador de calor agua-vapor 
260 |a  San José, Costa Rica  |c 1998 
300 |a  xii, 41 hojas  
500 |a  Proyecto de graduación (bachillerato en ingeniería eléctrica)--Universidad de Costa Rica. Facultad de Ingeniería. Escuela de Ingeniería Eléctrica 
501 |a Profesor Guía de Proyecto Eléctrico: Dr. Luis Guillermo Loría Martínez 
650 |x CONTROL AUTOMATICO   |x CALDERAS DE VAPOR   |x CONTROL DE LA TEMPERATURA  |9 8778 
700 |a  Loría Martínez, Luis Guillermo, 1954-  |d Director de Proyecto Eléctrico   |9 2110 
942 |c TFG  |h TFG 3953  |i 008636  |6 TFG_3953_008636000000000 
999 |c 18532  |d 18532